Normal view
MARC view
- Human rights.
Entry Topical Term
001 - CONTROL NUMBER
- control field: 57276
003 - CONTROL NUMBER IDENTIFIER
- control field: OSt
005 - DATE AND TIME OF LATEST TRANSACTION
- control field: 20240523142251.0
008 - FIXED-LENGTH DATA ELEMENTS
- fixed length control field: 240523|| aca||aabn | a|a d
040 ## - CATALOGING SOURCE
- Original cataloging agency: OSt
- Transcribing agency: OSt
150 ## - HEADING--TOPICAL TERM
- Topical term or geographic name entry element: Human rights.
670 ## - SOURCE DATA FOUND
- Source citation: Work cat.: (OSt)20237: Human rights at the turn of the 21st century :, ©2004.
